Rudolf Virchow und Theodor Billroth
| Titel: | Rudolf Virchow und Theodor Billroth : Reflexionen in einer Ausstellung / Herbert Böttger |
|---|---|
| Verfasser: | |
| In: |
Pommern, Band 18, Heft 4 (1980), Seite 23-25 alle Artikel anzeigen |
| Veröffentlicht: | 1980 |
| Umfang: | Illustrationen |
| Format: | Aufsatz |
| Sprache: | Deutsch |
X
alg: 43254677 001A $03025:13-06-18 001B $06060:20-06-18 $t07:13:22.000 001C $03025:13-06-18 $t13:36:31.000 001D $03025:13-06-18 001U $0utf8 001X $00 002@ $0Aou 002C $aText $btxt $2rdacontent 002D $aohne Hilfsmittel zu benutzen $bn $2rdamedia 002E $aBand $bnc $2rdacarrier 003@ $0432546774 007A $0432546774 $aHEB 010@ $ager 010E $erda 011@ $a1980 021A $aRudolf Virchow und Theodor Billroth $dReflexionen in einer Ausstellung $hHerbert Böttger 028A $BVerfasser $4aut $7 $8Böttger, Herbert [Tnd] $9139992863 031A $d18 $e4 $h23-25 $j1980 034M $aIllustrationen 039B $aEnthalten in $8--Abvc--. Pommern. - Greifswald : Pommersche Stiftung für historische Bildung, 1967-. - ISSN 0032-4167 $x198000000180004977 $9048244473 044K $#Virchow, Rudolf Ludwig Karl $#Virchow, Rudolf von $#Virchow, Rud. $#Virchow, R. $#Virchow, Rudolf Ludwig Carl $#Virchow, Rudolf L. $#Virchow, Rudolph $#Virchow, Rudolphus $#Virchow, Rudolphus Ludovicus Carolus $#Virchow $7118627198 $8Virchow, Rudolf$Z1821-1902 [Tp1] $9086968130 044K $#Billroth, Th. $#Billroth, Christian A. Th. $#Billroth, Chr. A. Th. $#Billroth, Theod. $#Billroth, Christian Albert Theodor $#Billroth, Theodorus $#Billroth, ... $7118510916 $8Billroth, Theodor$Z1829-1894 [Tp1] $9086852043 044K $RKulturveranstaltung $RMarkenwelt $#Exhibitions $#Expositions $#Sonderausstellung $#Ausstellungen $74129601-1 $8Ausstellung [Ts1] $9085454761 045T $a7,41 $a8,1 lok: 43254677 78 exp: 43254677 78 1 #EPN 201B/01 $013-06-18 $t13:35:17.000 201C/01 $013-06-18 201U/01 $0utf8 203@/01 $01023536323 208@/01 $a13-06-18 $be 209A/01 $a/ $f000 $x00 209A/01 $ab*p $x01 220C/01 $awma 244Z/01 $#Pommern $#Pommern $#Herzogtum Pommern $#Herzogthum Pommern $#Provinz Pommern $#Pomorze $74046744-2 $8--Tg1--Pommern $x06 $9085130354 247C/01 $82080>Marburg/Lahn, Herder-Institut, Forschungsbibliothek, Bibliographieportal $9336309341
| LEADER | 00000caa a2200000 c 4500 | ||
|---|---|---|---|
| 001 | 432546774 | ||
| 003 | DE-603 | ||
| 005 | 20180620071322.0 | ||
| 007 | tu | ||
| 008 | 180613s1980 xx |||| | u00||u|ger c | ||
| 035 | |a (DE-599)HEB432546774 | ||
| 040 | |a DE-603 |b ger |c DE-603 |d DE-603 |e rda | ||
| 041 | |a ger | ||
| 084 | |a 7,41 |a 8,1 |2 ssgn | ||
| 100 | 1 | |a Böttger, Herbert |e Verfasser |4 aut |0 (DE-603)139992863 | |
| 245 | 0 | 0 | |a Rudolf Virchow und Theodor Billroth |b Reflexionen in einer Ausstellung |c Herbert Böttger |
| 264 | 0 | |c 1980 | |
| 300 | |b Illustrationen | ||
| 336 | |a Text |b txt |2 rdacontent | ||
| 337 | |a ohne Hilfsmittel zu benutzen |b n |2 rdamedia | ||
| 338 | |a Band |b nc |2 rdacarrier | ||
| 600 | 1 | 7 | |a Virchow, Rudolf |d 1821-1902 |0 (DE-588)118627198 |0 (DE-603)086968130 |2 gnd |
| 600 | 1 | 7 | |a Billroth, Theodor |d 1829-1894 |0 (DE-588)118510916 |0 (DE-603)086852043 |2 gnd |
| 650 | 7 | |a Ausstellung |0 (DE-588)4129601-1 |0 (DE-603)085454761 |2 gnd | |
| 773 | 0 | 8 | |i Enthalten in |t Pommern |d Greifswald : Pommersche Stiftung für historische Bildung, 1967- |h 30 cm |x 0032-4167 |g Band 18, Heft 4 (1980), Seite 23-25 |w (DE-603)048244473 |w (DE-600)958645-3 |
| 924 | 0 | |9 2080 |a (DE-603)1023536323 |b DE-2080 |c HES |d d |g / | |


